000 00355nam a22001577a 4500
003 SGT
020 _a978-81-312-4904-8
082 _a616.07
_bR18K
100 _aKUMAR, VINAY
245 _aROBINS BASIC PATHOLOGY
250 _a1ST SA EDITION
260 _aINDIA
_bELSEVIER PUB
_c2018
300 _a935
650 _aPATHOLOGY
942 _2ddc
_cBK
_019
999 _c18794
_d18794